5HLuxD.jpg

KING HENRY VIII SENIOR AND PRIMARY SCHOOL LIBRARY OPAC

Cider with Rosie / (Record no. 708)

000 -LEADER
fixed length control field 01042cam a2200313 4500
001 - CONTROL NUMBER
control field 016040789
003 - CONTROL NUMBER IDENTIFIER
control field UkOxU
005 - DATE AND TIME OF LATEST TRANSACTION
control field 20191205111452.0
008 - FIXED-LENGTH DATA ELEMENTS--GENERAL INFORMATION
fixed length control field 011120r20021959enka 000 0aeng
015 ## - NATIONAL BIBLIOGRAPHY NUMBER
National bibliography number GBA1U5313
Source bnb
020 ## - INTERNATIONAL STANDARD BOOK NUMBER
International Standard Book Number 0099285665
020 ## - INTERNATIONAL STANDARD BOOK NUMBER
International Standard Book Number 9780099285663
035 ## - SYSTEM CONTROL NUMBER
System control number (Uk)009049402
040 ## - CATALOGING SOURCE
Original cataloging agency StDuBDS
Modifying agency Uk
Transcribing agency NIS
082 04 - DEWEY DECIMAL CLASSIFICATION NUMBER
Classification number 942 LEE
Edition number 21
100 1# - MAIN ENTRY--PERSONAL NAME
Personal name Lee, Laurie.
Relator term author
245 10 - TITLE STATEMENT
Title Cider with Rosie /
Statement of responsibility, etc. Laurie Lee ; with drawings by John Ward ; introduction by Cerys Matthews.
260 ## - PUBLICATION, DISTRIBUTION, ETC.
Place of publication, distribution, etc. London :
Name of publisher, distributor, etc. Arrow,
Date of publication, distribution, etc. 2002.
300 ## - PHYSICAL DESCRIPTION
Extent 231 p. :
Other physical details ill. ;
Dimensions 20 cm.
490 1# - SERIES STATEMENT
Series statement Vintage classics
500 ## - GENERAL NOTE
General note Originally published: London : Hogarth, 1959.
600 10 - SUBJECT ADDED ENTRY--PERSONAL NAME
Personal name Lee, Laurie
General subdivision Childhood and youth.
651 #0 - SUBJECT ADDED ENTRY--GEOGRAPHIC NAME
Geographic name Cotswold Hills (England)
General subdivision Social life and customs
Chronological subdivision 20th century.
700 1# - ADDED ENTRY--PERSONAL NAME
Personal name Ward, John.
Relator term Illustrator
700 1# - ADDED ENTRY--PERSONAL NAME
Personal name Matthews, Cerys
Relator term Writer of introduction
830 #0 - SERIES ADDED ENTRY--UNIFORM TITLE
Uniform title Vintage classics (London, England)
942 ## - ADDED ENTRY ELEMENTS (KOHA)
Source of classification or shelving scheme
Koha item type Books - Non Ficton
Holdings
Withdrawn status Lost status Source of classification or shelving scheme Damaged status Not for loan Collection code Permanent Location Current Location Shelving location Date acquired Total Checkouts Full call number Barcode Date last seen Date last checked out Price effective from Koha item type
          Non-Fiction KH8 Senior School Library KH8 Senior School Library Non Fiction 2019-12-05 2 942 LEE 3KHSL000101439 2025-06-12 2025-03-20 2019-12-05 Books - Non Ficton

Powered By KH8 IT Dept